00452nam a22001577a 450000500170000001000150001702000260003203500140005803700090007208200090008110000260009024500550011626000340017127000700020530000190027520260115155845.0 aENG-147486 a9789349042094c150.00 aEN-131018 bDBAD aS21 aDochanashvili, Guram  aThe Man Who Loved Literature/cGuram Dochanashvili aChandigarhbThe Browserc2025 bChandigarhaSCO 14-15, Sector 8-Ce160009mservice@thebrowser.org a53p.c20cm(pb)